000 00935cad a22002175a 4500
001 E150242
008 100616s2010 stk f ss000 0 eng u
020 _a9780755982790
035 _a(Sirsi) u150242
041 _aeng
050 _a630.09411 $2 18
110 2 _aScottish Government Rural and Environment Research and Analysis Directorate
_95553
245 0 0 _aEconomic report on Scottish agriculture 2010 edition
_h[electronic resource]
260 _aEdinburgh
_bScottish Government
_c2010
520 _aStatistical report which includes figures on aggregate output, input and income; financial results by type of farm; and the agricultural census results.
590 _aKA
651 4 _aScotland
_y1999-
690 _aENVIRONMENTAL AND LAND CONSULTANCY-AGRIBUSINESS-AGRICULTURE
856 4 1 _uhttps://www.scotland.gov.uk/Publications/2010/06/16110738/0
_zView the report free of charge at www.scotland.gov.uk...
942 _n0
999 _c110805
_d110805